000 00476nam a2200145Ia 4500
008 090122s9999 xx 000 0 und d
082 _b5109
_a891.4684
100 _aटोळ
_bदत्ता
_cश्री
245 _aमृत्यूंजयाच्या कथा
600 _aटोळ
630 _aमृत्यूंजयाच्या कथा
700 _aटोळ
730 _aमृत्यूंजयाच्या कथा
942 _cBOOK
999 _c29187
_d29187